Places To Study
There are group study rooms, individual study carrels, computer labs, and other spaces to study in the Libraries.
Reserve A Group Room| 000 -LEADER | |
|---|---|
| fixed length control field | 01112nam a22001937a 4500 |
| 003 - CONTROL NUMBER IDENTIFIER | |
| control field | OSt |
| 005 - DATE AND TIME OF LATEST TRANSACTION | |
| control field | 20251111153142.0 |
| 008 - FIXED-LENGTH DATA ELEMENTS--GENERAL INFORMATION | |
| fixed length control field | 251111b |||||||| |||| 00| 0 eng d |
| 040 ## - CATALOGING SOURCE | |
| Transcribing agency | DCL |
| 082 ## - DEWEY DECIMAL CLASSIFICATION NUMBER | |
| Classification number | ၂၉၄.၃၈၂၄၃ |
| 130 ## - MAIN ENTRY--UNIFORM TITLE | |
| Uniform title | တိပိဋက။ |
| Name of part/section of a work | အဘိဓမ္မာပိဋက။ |
| Title of a work | ဓာတုကထာ၊ ပုဂ္ဂလပညတ္တိ၊ |
| Language of a work | ပါဠိတော်၊ |
| Version | နိဿယ။ |
| 245 ## - TITLE STATEMENT | |
| Title | ဓာတုကထာ၊ ပုဂ္ဂလပညတ္တိပါဠိတော်နိဿယ / |
| Remainder of title | ဘုံကျော်ဆရာတော်။ |
| 264 ## - PRODUCTION, PUBLICATION, DISTRIBUTION, MANUFACTURE, AND COPYRIGHT NOTICE | |
| Place of production, publication, distribution, manufacture | ရန်ကုန် ၊ |
| Name of producer, publisher, distributor, manufacturer | ဣစ္ဆာသယပိဋကတ်စာပုံနှိပ်တိုက်၊ |
| Date of production, publication, distribution, manufacture, or copyright notice | ၁၉၈၃။ |
| 300 ## - PHYSICAL DESCRIPTION | |
| Extent | င၊ ၃၉၆ စာမျက်နှာ ၊ |
| Dimensions | ၂၅ စင်တီ။ |
| 650 ## - SUBJECT ADDED ENTRY--TOPICAL TERM | |
| Topical term or geographic name entry element | ဓာတုကထာ |
| Form subdivision | ပါဠိတော်နိဿယ။ |
| 650 ## - SUBJECT ADDED ENTRY--TOPICAL TERM | |
| Topical term or geographic name entry element | ပုဂ္ဂလပညတ္တိ |
| Form subdivision | ပါဠိတော်နိဿယ။ |
| 700 ## - ADDED ENTRY--PERSONAL NAME | |
| Personal name | ဘုံကျော်ဆရာတော်။ |
| 942 ## - ADDED ENTRY ELEMENTS (KOHA) | |
| Source of classification or shelving scheme | Dewey Decimal Classification |
| Koha item type | Short Term |
| Suppress in OPAC | No |
| Withdrawn status | Lost status | Source of classification or shelving scheme | Damaged status | Not for loan | Collection | Accession No. | Home library | Current library | Shelving location | Date acquired | Total checkouts | Full call number | Barcode | Date last seen | Price effective from | Koha item type |
|---|---|---|---|---|---|---|---|---|---|---|---|---|---|---|---|---|
| Dewey Decimal Classification | Myanmar Pitaka Collection | ၁၀၇၃ | Dhammadhara | Dhammadhara | Myanmar Pitaka Shelves | 11/11/2025 | ၂၉၄.၃၈၂၄၃ အဘိ ၁၀၇၃ | MB00001073 | 11/11/2025 | 11/11/2025 | Short Term | |||||
| Dewey Decimal Classification | Myanmar Pitaka Collection | ၂၈၂၂ | Dhammadhara | Dhammadhara | Myanmar Pitaka Shelves | 24/12/2025 | ၂၉၄.၃၈၂၄၃ အဘိ ၂၈၂၂ | MB00002822 | 24/12/2025 | 11/11/2025 | Short Term |